[Event "Lisbon Portugal op"]
[Site "Lisbon"]
[Date "2020.01.25"]
[Round "1"]
[White "Gahan, MG."]
[Black "Barros, Arlindo"]
[Result "1-0"]
[WhiteElo "2245"]
[BlackElo "1671"]
[PlyCount "55"]
[EventDate "2020.01.25"]
[EventType "swiss"]
[EventRounds "9"]
[EventCountry "POR"]
[SourceTitle "EXT 2021"]
[Source "ChessBase"]
[SourceDate "2020.10.23"]
[SourceVersion "1"]
[SourceVersionDate "2020.10.23"]
[SourceQuality "1"]

1. e4 c5 2. c3 d5 3. exd5 Qxd5 4. d4 Nc6 5. Nf3 Bg4 6. dxc5 Qxd1+ 7. Kxd1 e5 8. b4 e4 9. h3 0-0-0+ 10. Kc2 Bd7 11. Ng5 Nh6 12. Nxe4 Bf5 13. f3 Be7 14. Bxh6 gxh6 15. Nbd2 Bf6 16. a3 Bg5 17. Nc4 Bf4 18. Bd3 Rhe8 19. Ned6+ Bxd6 20. Bxf5+ Kb8 21. Nxd6 Re2+ 22. Kb3 Rxg2 23. Rad1 Ne5 24. Be4 Re2 25. Nxb7 Rxd1 26. Rxd1 Rxe4 27. fxe4 Kxb7 28. Rd5 1-0